Eduard Cupák /

Hlavní autor: Černý, Jindřich, 1930-2020
Další autoři: Cupák, Eduard, 1932-1996
Jazyk: Čeština
Vydáno: Praha : Brána, 1998
Vydání: Vyd. 1.
Témata:
Fyzický popis: 206 s., [32] s. obrazových příloh ; 21 cm
Knihy
Uloženo v:
LEADER 01350nam a2200409 a 4500
001 000373660
003 CZ BrMZK
005 20170426131621.0
007 ta
008 980115s1998 xr e bcze d
015 |a cnb000604261 
020 |a 80-7243-010-6 
035 |a (OCoLC)40791099 
040 |a BOA001  |b cze 
043 |a e-xr--- 
045 |a x3x9 
072 7 |a 791/793  |x Divadlo, film, tanec (obecně)  |2 Konspekt  |9 3 
072 7 |a 929  |x Biografie  |2 Konspekt  |9 8 
080 |a 791/792.071.2  |2 MRF 
080 |a 929  |2 MRF 
080 |a (437.3)  |2 MRF 
080 |a (092)  |2 MRF 
100 1 |a Černý, Jindřich,  |d 1930-2020  |7 jk01021565  |4 aut 
245 1 0 |a Eduard Cupák /  |c Jindřich Černý 
250 |a Vyd. 1. 
260 |a Praha :  |b Brána,  |c 1998 
300 |a 206 s., [32] s. obrazových příloh ;  |c 21 cm 
500 |a Soupisy divadelních, rozhlasových a filmových rolí E. Cupáka 
600 1 7 |a Cupák, Eduard,  |d 1932-1996  |7 jn99240000141  |2 czenas 
648 7 |a 20. století  |7 ch460558 
648 4 |a 1932-1996 
650 0 7 |a herci  |7 ph117199  |z Česko  |y 20. století  |2 czenas 
655 7 |a biografie  |7 fd131909  |2 czenas 
700 1 |a Cupák, Eduard,  |d 1932-1996  |7 jn99240000141  |4 hnr 
910 |a BOA001  |b 2-1052.446 
990 |a BK 
996 6 |b 2610082290  |c 2-1052.446  |l MZK  |r Sklad / do 1 hodiny  |n 12  |p p.v.  |w 000373660  |u 000010  |a 1  |e BOA001  |j MZK50  |s P